Diez posibles razones para la tristeza del pensamiento
Salvato in:
| Autore principale: | |
|---|---|
| Natura: | Libro |
| Lingua: | spagnolo |
| Pubblicazione: |
Ciudad de México
Fondo de Cultura Económica
2007
|
| Edizione: | 1a. ed |
| Serie: | Centzontle
|
| Soggetti: | |
| Tags: |
Aggiungi Tag
Nessun Tag, puoi essere il primo ad aggiungerne!!
|
MARC
| LEADER | 00000nam a2200000 a 4500 | ||
|---|---|---|---|
| 001 | UCI4155 | ||
| 003 | CL-VaPUC | ||
| 008 | 071228e20070000MX |||||||||||||||||spa|d | ||
| 020 | |a 9789681683825 | ||
| 020 | |a 9789681684020 | ||
| 082 | 0 | 4 | |a 128 |b STE |2 21 |
| 100 | 0 | |a Steiner, George |e author |9 525858 | |
| 245 | 1 | 0 | |a Diez posibles razones para la tristeza del pensamiento |
| 250 | |a 1a. ed | ||
| 300 | |a 83 p | ||
| 942 | |c BK | ||
| 945 | |d 20071228 00:00:00 |a rbrito | ||
| 260 | |a Ciudad de México |b Fondo de Cultura Económica |c 2007 | ||
| 650 | 0 | |a Pensamiento filosófico |9 392662 | |
| 650 | 0 | |a Teoría del conocimiento |9 255038 | |
| 583 | |a last modification |c 20121001 10:22:42 |k Rodrigo Vera | ||
| 490 | 0 | |a Centzontle | |
| 999 | |c 328138 |d 328136 | ||
| 952 | |0 0 |1 0 |4 0 |6 128_000000000000000_STE_2007 |7 0 |8 A |9 411917 |a BIBEDU |b BIBEDU |d 2019-11-22 |i 4398106 |l 3 |m 1 |o 128 STE 2007 |p 4398106 |r 2023-11-07 |s 2023-10-30 |w 2019-11-22 |y BK |k PSI | ||
| 952 | |0 0 |1 0 |4 0 |6 128_000000000000000_STE_2007 |7 0 |8 A |9 411918 |a BIBART |b BIBART |d 2019-11-22 |i 4435451 |o 128 STE 2007 |p 4435451 |r 2025-03-13 |w 2019-11-22 |y BK |k ART | ||